Tourism marketing: In the age of the consumer (Record no. 360583)

MARC details
000 -LEADER
fixed length control field 00512 a2200193 4500
005 - DATE & TIME
control field 20250318153912.0
008 - FIXED-LENGTH DATA ELEMENTS--GENERAL INFORMATION
fixed length control field 250317b |||||||| |||| 00| 0 eng d
020 ## - ISBN
International Standard Book Number 9780415726368
Price £ 43.99
040 ## - CATALOGING SOURCE
Original cataloging agency VIVEKANANDA LIBRARY
082 ## - DDC NUMBER
Classification number 338.4791
Book Number M83T
100 ## - MAIN ENTRY--PERSONAL NAME
Personal name Morrison, Alastair M
245 ## - TITLE STATEMENT
Title Tourism marketing: In the age of the consumer
260 ## - PUBLICATION, DISTRIBUTION, ETC. (IMPRINT)
Name of publisher, distributor, etc Routledge
Date of publication, distribution, etc 2022
Place of publication, distribution, etc Oxon
300 ## - PHYSICAL DESCRIPTION
Pages xxvi, 757
650 ## - Subject
Subject Tourism Marketing
650 ## - Subject
Subject Hospitality Industry
650 ## - Subject
Subject Marketing
942 ## - ADDED ENTRY ELEMENTS (KOHA)
Koha item type Books
Holdings
Withdrawn status Lost status Source of classification or shelving scheme Damaged status Not for loan Location (home branch) Sublocation or collection (holding branch) Shelving location Date acquired Koha issues (times borrowed) Koha full call number Accession No. Koha date last seen Koha item type
    Dewey Decimal Classification     VIVEKANANDA LIBRARY VIVEKANANDA LIBRARY IHTM Library 24/02/2025   338.4791 M83T 425159 24/02/2025 Books
© Designed and Maintained by Vivekananda Library, MDU Rohtak